When do fish sleep? and other imponderables of everyday life / (Record no. 9511)
[ view plain ]
| 000 -LEADER | |
|---|---|
| fixed length control field | 01431cam a2200373Ia 4500 |
| 001 - CONTROL NUMBER | |
| control field | 22761413 |
| 003 - CONTROL NUMBER IDENTIFIER | |
| control field | OCoLC |
| 005 - DATE AND TIME OF LATEST TRANSACTION | |
| control field | 20210115151904.0 |
| 008 - FIXED-LENGTH DATA ELEMENTS--GENERAL INFORMATION | |
| fixed length control field | 901130t19901989nyua 001 0 eng d |
| 020 ## - INTERNATIONAL STANDARD BOOK NUMBER | |
| International Standard Book Number | 0060920114 |
| Qualifying information | (pbk.) |
| 020 ## - INTERNATIONAL STANDARD BOOK NUMBER | |
| International Standard Book Number | 9780060920111 |
| Qualifying information | (pbk.) |
| 033 ## - DATE/TIME AND PLACE OF AN EVENT | |
| Formatted date/time | 910621 |
| Geographic classification area code | 960712 |
| 035 ## - SYSTEM CONTROL NUMBER | |
| System control number | (OCoLC)22761413 |
| Canceled/invalid control number | (OCoLC)369460135 |
| 035 ## - SYSTEM CONTROL NUMBER | |
| System control number | 209360 |
| 040 ## - CATALOGING SOURCE | |
| Original cataloging agency | JRB |
| Language of cataloging | eng |
| Transcribing agency | JRB |
| Modifying agency | KSW |
| -- | MPC |
| -- | OHI |
| -- | BAKER |
| -- | BTCTA |
| -- | YDXCP |
| -- | OCLCG |
| -- | FLR |
| -- | VOV |
| -- | OCLCQ |
| -- | OCLCF |
| -- | OCLCQ |
| -- | CNNOR |
| -- | AA5 |
| -- | OCLCO |
| -- | OCLCQ |
| -- | UtOrBLW |
| 050 14 - LIBRARY OF CONGRESS CALL NUMBER | |
| Classification number | AG195 |
| Item number | .F458 1990 |
| 082 04 - DEWEY DECIMAL CLASSIFICATION NUMBER | |
| Classification number | 031.02 |
| Item number | F |
| 090 ## - LOCALLY ASSIGNED LC-TYPE CALL NUMBER (OCLC); LOCAL CALL NUMBER (RLIN) | |
| Classification number (OCLC) (R) ; Classification number, CALL (RLIN) (NR) | AG195 |
| Local cutter number (OCLC) ; Book number/undivided call number, CALL (RLIN) | .F4575 1990 |
| 100 1# - MAIN ENTRY--PERSONAL NAME | |
| Personal name | Feldman, David, |
| Dates associated with a name | 1950- |
| 245 10 - TITLE STATEMENT | |
| Title | When do fish sleep? and other imponderables of everyday life / |
| Statement of responsibility, etc. | David Feldman ; illustrated by Kassie Schwan |
| 250 ## - EDITION STATEMENT | |
| Edition statement | First HarperPerennial edition |
| 264 #1 - PRODUCTION, PUBLICATION, DISTRIBUTION, MANUFACTURE, AND COPYRIGHT NOTICE | |
| Place of production, publication, distribution, manufacture | New York : |
| Name of producer, publisher, distributor, manufacturer | HarperPerennial, |
| Date of production, publication, distribution, manufacture, or copyright notice | 1990 |
| 264 #4 - PRODUCTION, PUBLICATION, DISTRIBUTION, MANUFACTURE, AND COPYRIGHT NOTICE | |
| Date of production, publication, distribution, manufacture, or copyright notice | ©1989 |
| 300 ## - PHYSICAL DESCRIPTION | |
| Extent | 260 pages : |
| Other physical details | illustrations ; |
| Dimensions | 20 cm |
| 336 ## - CONTENT TYPE | |
| Content type term | text |
| Content type code | txt |
| Source | rdacontent |
| 337 ## - MEDIA TYPE | |
| Media type term | unmediated |
| Media type code | n |
| Source | rdamedia |
| 338 ## - CARRIER TYPE | |
| Carrier type term | volume |
| Carrier type code | nc |
| Source | rdacarrier |
| 500 ## - GENERAL NOTE | |
| General note | Includes index |
| 520 ## - SUMMARY, ETC. | |
| Summary, etc. | The author draws on his store of unusual knowledge to respond to his readers' most challenging queries--such as Why are tennis balls fuzzy? and Why do fingernails grow faster than toenails? |
| 650 #0 - SUBJECT ADDED ENTRY--TOPICAL TERM | |
| Topical term or geographic name entry element | Questions and answers |
| 650 #0 - SUBJECT ADDED ENTRY--TOPICAL TERM | |
| Topical term or geographic name entry element | Questions and answers |
| Form subdivision | Humor |
| 655 #7 - INDEX TERM--GENRE/FORM | |
| Genre/form data or focus term | Humor. |
| Source of term | fast |
| Authority record control number or standard number | (OCoLC)fst01423696 |
| 942 ## - ADDED ENTRY ELEMENTS (KOHA) | |
| Source of classification or shelving scheme | Dewey Decimal Classification |
| Koha item type | Books |
| Withdrawn status | Lost status | Source of classification or shelving scheme | Damaged status | Not for loan | Collection code | Home library | Current library | Shelving location | Date acquired | Total Checkouts | Full call number | Barcode | Date last seen | Price effective from | Koha item type |
|---|---|---|---|---|---|---|---|---|---|---|---|---|---|---|---|
| Dewey Decimal Classification | Non-fiction | Harvest Mission College | Harvest Mission College | General Stacks | 25.01.2021 | 031.02 F312W | 010868 | 25.01.2021 | 25.01.2021 | Books |
